000
00271nam a2200121Ia 4500
005
20251222155158.0
008
251222s9999||||xx |||||||||||||| ||spa||
082
_a
ESC. 70
100
_a
OPS / OMS.
245
0
_a
Repindex - El Cólera
264
_b
OPS/OMS
942
_c
LIB
999
_c
39846
_d
39846